| 000 | 00450nam a2200145Ia 4500 | ||
|---|---|---|---|
| 008 | 231129s2012||||xx |||||||||||||| ||spa|| | ||
| 020 | _a978-958-46-0420-0 | ||
| 040 | _bspa | ||
| 082 | _a759.861 L795m | ||
| 100 | _aLoaiza Duque Jair | ||
| 245 | 0 | _aMovimiento y expresiones pictóricas: un sentimiento y una expresión plástica | |
| 260 | _c2012 | ||
| 264 | _aBogotá Colombia : Servioffset | ||
| 942 |
_2ddc _cBKS |
||
| 999 |
_c21422 _d21422 |
||